000
00216nam a2200097Ia 4500
008
240331s9999 xx 000 0 und d
082
_b
SIV
100
_a
Sivakumaran, K.S
245
0
_a
Thiranaivu entral enna
942
_c
L
999
_c
3670
_d
3670